Online
Catalog

Del amor i del dolor : (Record no. 8927)

MARC details
000 -CABECERA
campo de control de longitud fija 00680nam a2200229 a 4500
001 - NÚMERO DE CONTROL
campo de control 000009163
003 - IDENTIFICADOR DEL NÚMERO DE CONTROL
campo de control DO-SdBNP
005 - FECHA Y HORA DE LA ÚLTIMA TRANSACCIÓN
campo de control 20240412074210.0
007 - CAMPO FIJO DE DESCRIPCIÓN FÍSICA--INFORMACIÓN GENERAL
campo de control de longitud fija ta
008 - DATOS DE LONGITUD FIJA--INFORMACIÓN GENERAL
campo de control de longitud fija 090928s19uu sp c 000 p spa d
040 ## - FUENTE DE LA CATALOGACIÓN
Centro catalogador/agencia de origen DO-SdBNP
Lengua de catalogación spa
Centro/agencia transcriptor BNPHU
049 ## - FONDOS LOCALES (OCLC)
Fondos de biblioteca BNPD
082 ## - NÚMERO DE LA CLASIFICACIÓN DECIMAL DEWEY
Número de clasificación RD861.4
Número de documento/Ítem H519d
Número de edición 00
100 1# - ENTRADA PRINCIPAL--NOMBRE DE PERSONA
Nombre de persona Henríquez i Carvajal, Federico,
Fechas asociadas al nombre 1848-1952
9 (RLIN) 7792
245 10 - MENCIÓN DE TÍTULO
Título Del amor i del dolor :
Resto del título poemas del hogar en duelo /
Mención de responsabilidad, etc. Fed. Henríquez i Carvajal.
250 ## - MENCIÓN DE EDICIÓN
Mención de edición 2a ed.
260 ## - PUBLICACIÓN, DISTRIBUCIÓN, ETC.
Lugar de publicación, distribución, etc. Barcelona :
Nombre del editor, distribuidor, etc. Imp. de A. Ortega,
Fecha de publicación, distribución, etc. [19--?].
300 ## - DESCRIPCIÓN FÍSICA
Extensión 144 p. :
Otras características físicas retr. ;
Dimensiones 20 cm.
650 #0 - PUNTO DE ACCESO ADICIONAL DE MATERIA--TÉRMINO DE MATERIA
Término de materia o nombre geográfico como elemento de entrada Poesía dominicana
9 (RLIN) 66
650 #0 - PUNTO DE ACCESO ADICIONAL DE MATERIA--TÉRMINO DE MATERIA
Término de materia o nombre geográfico como elemento de entrada Literatura dominicana.
9 (RLIN) 67
942 ## - ELEMENTOS DE PUNTO DE ACCESO ADICIONAL (KOHA)
Fuente del sistema de clasificación o colocación Dewey Decimal Classification
Tipo de ítem Koha Libro
Holdings
Estado de retiro Estado de pérdida Fuente del sistema de clasificación o colocación Restricciones de uso No para préstamo Localización permanente Ubicación/localización actual Ubicación en estantería Fecha de adquisición Total de préstamos Signatura topográfica completa Código de barras Fecha visto por última vez Número de copia Precio válido a partir de Tipo de ítem Koha Código de colección Número de inventario Nota pública
    Dewey Decimal Classification Excluido de préstamo   Biblioteca Nacional Pedro Henríquez Ureña Biblioteca Nacional Pedro Henríquez Ureña Depósito 05.10.2012   BNPHU DS-RV RD86.4 H519d 9163-30 25.06.2020 e. 3 25.06.2020 Préstamo en sala      
          General General En catalogación 05.10.2012   RD86.4 H519d 9163-40 25.06.2020 e. 4 25.06.2020 Préstamo en sala Monografías: Libros y Folletos LF1  
        Excluido de préstamo Patrimonio Dominicano Patrimonio Dominicano Depósito 28.09.2009   RD86.4 H519d 9163-10 25.06.2020   25.06.2020 No se presta Monografías: Libros y Folletos LF1 Perteneció a la biblioteca personal de Carlos Larrabazal Blanco.
        Excluido de préstamo Patrimonio Dominicano Patrimonio Dominicano En catalogación 28.09.2009   RD86.4 H519d 9163-20 25.06.2020 e. 2 25.06.2020 No se presta Monografías: Libros y Folletos LF1  

Powered by Koha